000 00711nam a22002057a 4500
005 20140623112342.0
010 _aENG-110233
020 _a9781138020184
_c695.00
035 _aEN-93765
037 _bDBAD/PUB
082 _a280
245 _aConstructing Indian christianities :
_cedited by Chad M. Bauman [and] Richard Fox Young
_bculture, conversion and caste /
260 _aNew Delhi
_bRoutledge
_c2014
270 _a912, Tolstoy House, 15-17 Tolstoy Marg, Connaught Place
_bNew Delhi
_e110001
300 _axxiii,264p.
_c23cm(Hb)
500 _aIncludes bibliographical references and index
700 _aBauman, Chad M.
700 _aYoung, Richard Fox
942 _2ddc
_cEN
_mCON
_h280
999 _c85039
_d85039